000 01523nam a2200241Ia 4500
999 _c45864
_d45864
001 12693
003 GE_BSU
005 20240627164717.0
008 181216s2009||||ge |||||||||||||| ||geo||
020 _cნაჩუქარი
040 _cGE_BSU
041 _ageo
080 _a81’24+811.352.2 ლ-63
245 _aლინგვისტური ქართველოლოგიისა და აფხაზოლოგიის პრობლემები :
_b ტ.1 /
_cრედ. : გვანცელაძე თეიმურაზ, ნაჭყებია მერაბ ; სოხუმის სახელმწიფო უნივერსიტეტი, ქართველური ენათმეცნიერების ინსტიტუტი ; აფხაზური ენისა და კულტურის ინსტიტუტი.
264 _aთბილისი :
_bუნივერსალი,
_c2009.
300 _a231 გვ. ;
_c20 სმ.
504 _aბიბლიოგრ. : გვ. 228-229
653 _aლინგვისტიკა
653 _aლინგვისტური ქართველოლოგიისა და აფხაზოლოგიის პრობლემები
700 _aგვანცელაძე, თეიმურაზ
_eრედაქტორი
_9291
700 _aნაჭყებია, მერაბ
_eრედაქტორი
_9292
942 _cBK
_2udc